Culture, consumption, and consecration: The Mithun in Arunachal Pradesh (Record no. 524439)

000 -LEADER
fixed length control field 00874nam a22001457a 4500
008 - FIXED-LENGTH DATA ELEMENTS--GENERAL INFORMATION
fixed length control field 231117b ||||| |||| 00| 0 eng d
100 ## - MAIN ENTRY--PERSONAL NAME
Personal name Sarma, Abhishrut
245 ## - TITLE STATEMENT
Title Culture, consumption, and consecration: The Mithun in Arunachal Pradesh
260 ## - PUBLICATION, DISTRIBUTION, ETC. (IMPRINT)
Place of publication, distribution, etc Social Action
300 ## - PHYSICAL DESCRIPTION
Extent 73(4), Oct-Dec, 2023: p.432-445
520 ## - SUMMARY, ETC.
Summary, etc This paper discusses the ways in which on endemic animal species of the Eastern Himalayas known as the Mithun (bos frontals) is entangled with the everyday practices of the local communities of the region. The assay is based on fieldwork in the state of Arunachal Pradesh in the Northeast of India. The aim is to outline the themes of culture, consumption and conservations that become intrinsic to our discussion of the semi-domesticated bovine. – Reproduced
773 ## - HOST ITEM ENTRY
Main entry heading Social Action
906 ## - LOCAL DATA ELEMENT F, LDF (RLIN)
Subject DIP CULTURE
942 ## - ADDED ENTRY ELEMENTS (KOHA)
Item type Articles
Holdings
Withdrawn status Lost status Source of classification or shelving scheme Damaged status Not for loan Permanent location Current location Date acquired Serial Enumeration / chronology Barcode Date last seen Koha item type
          Indian Institute of Public Administration Indian Institute of Public Administration 2023-11-17 73(4), Oct-Dec, 2023: p.432-445 AR130319 2023-11-17 Articles

Powered by Koha